[Event "Oslo Open 2016"]
[Site "Fornebu NOR"]
[Date "2016.10.02"]
[Round "3.17"]
[White "Welling, Gerard"]
[Black "Ingebretsen, Jens E"]
[Result "1-0"]
[WhiteTitle "IM"]
[WhiteElo "2319"]
[BlackElo "1925"]
[WhiteFideId "1000446"]
[BlackFideId "1522965"]
[EventDate "2016.09.30"]

1. d4 d5 2. e3 Bf5 3. c4 c6 4. cxd5 cxd5 5. Nc3 e6 6. Nf3 Nd7 7. Ne5 Ngf6 8. g4
Bg6 9. h4 h5 10. Nxg6 fxg6 11. g5 Ng8 12. Bh3 Qb6 13. Qd3 Ne7 14. e4 dxe4 15.
Qxe4 Nf5 16. O-O Bb4 17. d5 Nc5 18. Qc4 O-O 19. dxe6 Nxe6 20. Be3 Rac8 21. Qxc8
Rxc8 22. Bxb6 axb6 23. Bxf5 gxf5 24. Nd5 Bc5 25. b4 Bd6 26. Rac1 Rd8 27. Rfd1 b5
28. Ne3 Nf4 29. Kf1 g6 30. Nd5 Ne6 31. Nf6+ Kf7 32. Rd5 Nf4 33. Rxb5 Nd3 34. Rd1 1-0

[Event "Oslo Open 2016"]
[Site "Fornebu NOR"]
[Date "2016.10.02"]
[Round "3.18"]
[White "Omtvedt, Per"]
[Black "Risting, Eivind Olav"]
[Result "1-0"]
[BlackTitle "FM"]
[WhiteElo "1929"]
[BlackElo "2292"]
[WhiteFideId "1503235"]
[BlackFideId "1517333"]
[EventDate "2016.09.30"]

1. e4 c6 2. d4 d5 3. exd5 cxd5 4. Bd3 Nc6 5. c3 Qc7 6. Ne2 Bg4 7. Bf4 Qxf4 8.
Nxf4 Bxd1 9. Kxd1 e6 10. Nd2 Bd6 11. Ne2 Nf6 12. h3 O-O 13. f4 Nd7 14. Nf3 f6
15. Kd2 Rab8 16. b3 b5 17. g3 g6 18. Rhf1 e5 19. fxe5 fxe5 20. Nxe5 Ndxe5 21.
dxe5 Bxe5 22. Rxf8+ Kxf8 23. Rf1+ Ke7 24. g4 a6 25. Rf3 Bf6 26. Nf4 Rd8 27. Ne2
Ne5 28. Rf2 Nf7 29. Nd4 Bxd4 30. cxd4 Ng5 31. h4 Ne6 32. Ke3 Rc8 33. h5 gxh5 34.
gxh5 h6 35. Rf5 Rd8 36. Re5 Kd6 37. Rf5 Rf8 38. Rxf8 Nxf8 39. Bf5 b4 40. Kf4
Ne6+ 41. Bxe6 Kxe6 42. Kg4 1-0

[Event "Oslo Open 2016"]
[Site "Fornebu NOR"]
[Date "2016.10.02"]
[Round "3.19"]
[White "Nilsen, Tobias Lang"]
[Black "Dolzhykova, Kateryna"]
[Result "1/2-1/2"]
[BlackTitle "WIM"]
[WhiteElo "1941"]
[BlackElo "2267"]
[WhiteFideId "1521624"]
[BlackFideId "14113414"]
[EventDate "2016.09.30"]

1. e4 c5 2. Nf3 d6 3. d4 cxd4 4. Nxd4 Nf6 5. Nc3 g6 6. Be3 Bg7 7. Be2 O-O 8. O-O
Nc6 9. Kh1 Nxd4 10. Bxd4 Be6 11. Bf3 Rc8 12. e5 dxe5 13. Bxe5 Qa5 14. Qe1 Qb6
15. Rd1 Rfd8 16. Qe3 Qxe3 17. fxe3 Rxd1 18. Bxd1 Nd5 19. Nxd5 Bxd5 20. Bxg7 Kxg7
21. b3 Be4 22. Rf2 Rd8 23. Bf3 Bxf3 24. gxf3 Rd1+ 25. Kg2 Re1 26. Rd2 Rxe3 27.
Rd7 Re2+ 28. Kg3 Rxc2 29. Rxb7 Rxa2 30. Rxe7 Ra3 31. Rb7 a5 32. Rb5 Kf6 33. Kf4
h6 34. Rb6+ Kg7 35. h4 Ra1 36. Rb5 Kf6 37. Rb6+ Ke7 38. h5 Rg1 39. Ra6 Rg5 40.
hxg6 fxg6 41. Ke4 h5 42. f4 Rg3 43. Rxa5 Rxb3 44. Ra7+ Kf6 45. Ra6+ Kg7 46. Ra7+
Kh6 47. Ra6 Rb4+ 48. Kf3 Rb1 49. Kf2 Rb4 50. Kf3 Rb5 51. Ra7 Rb3+ 52. Kg2 h4 53.
Ra5 Rg3+ 54. Kf2 Rg4 55. Kf3 Rg1 56. Kf2 Rb1 57. Kf3 h3 58. Kg3 Rb3+ 59. Kh2 Rf3
60. Rc5 Kg7 61. Ra5 Kf6 62. Rb5 Rxf4 63. Kxh3 Rf5 64. Rb6+ Kg5 65. Kg2 Ra5 66.
Rb3 Kg4 67. Rb4+ Kf5 68. Rb3 Ra4 69. Rb6 g5 70. Rb3 Kg4 71. Rc3 Ra2+ 72. Kg1 Kf4
73. Rb3 Re2 74. Ra3 g4 75. Rb3 Ra2 76. Rc3 Kg5 77. Rb3 Kh4 78. Rc3 Ra1+ 79. Kg2
Ra4 80. Rb3 Ra2+ 81. Kg1 g3 82. Rb8 Ra1+ 83. Kg2 Ra2+ 84. Kg1 Ra4 85. Rh8+ Kg4
86. Rg8+ Kf3 87. Rf8+ Rf4 88. Rxf4+ Kxf4 89. Kg2 Kg4 90. Kg1 Kf3 91. Kf1 Kf4 92.
Kg2 Kg4 93. Kg1 Kh3 94. Kh1 g2+ 95. Kg1 Kg3 1/2-1/2

[Event "Oslo Open 2016"]
[Site "Fornebu NOR"]
[Date "2016.10.02"]
[Round "3.20"]
[White "Haugli, Petter"]
[Black "Kvendseth, Cornelius"]
[Result "1-0"]
[WhiteTitle "IM"]
[WhiteElo "2257"]
[BlackElo "1879"]
[WhiteFideId "1500104"]
[BlackFideId "1517309"]
[EventDate "2016.09.30"]

1. d4 d5 2. Bf4 Nf6 3. e3 Bf5 4. c4 c6 5. Qb3 Qb6 6. c5 Qxb3 7. axb3 Nbd7 8. b4
e5 9. dxe5 Nh5 10. Nf3 Nxf4 11. exf4 f6 12. exf6 Nxf6 13. Nc3 a6 14. Nd4 Bd7 15.
Bd3 g6 16. O-O Kf7 17. Nf3 Kg7 18. Ne5 Be8 19. Ne2 Nd7 20. Nd4 Kg8 21. Ne6 Bg7
22. Rfe1 Bf6 23. Nc7 Rc8 24. Nxe8 Bxe5 25. Rxe5 Kf8 26. Nd6 Nxe5 27. fxe5 Rb8
28. f4 Ke7 29. g4 b6 30. Rxa6 bxc5 31. f5 gxf5 32. gxf5 Rhg8+ 33. Kf2 1-0

[Event "Oslo Open 2016"]
[Site "Fornebu NOR"]
[Date "2016.10.02"]
[Round "3.21"]
[White "Tolhuizen, Ludo"]
[Black "Bekkesletten, Cato"]
[Result "1-0"]
[WhiteElo "2148"]
[BlackElo "1648"]
[WhiteFideId "1000802"]
[BlackFideId "1517821"]
[EventDate "2016.09.30"]

1. Nf3 d5 2. g3 e6 3. Bg2 f5 4. O-O Nf6 5. d3 Be7 6. Nbd2 O-O 7. e4 Nbd7 8. Qe2
dxe4 9. dxe4 f4 10. Ng5 Ne5 11. Nc4 Ng6 12. e5 Nd5 13. Nxh7 f3 14. Bxf3 Kxh7 15.
Be4 Rf5 16. Bxf5 exf5 17. Qh5+ Kg8 18. Qxg6 Qf8 19. e6 f4 20. gxf4 Qd8 21. Rd1
Bc5 22. Qf7+ Kh7 23. Qh5+ Kg8 24. Rxd5 1-0

[Event "Oslo Open 2016"]
[Site "Fornebu NOR"]
[Date "2016.10.02"]
[Round "3.22"]
[White "Fuglesang, Michael W."]
[Black "Store, Trond"]
[Result "0-1"]
[WhiteElo "1780"]
[BlackElo "2049"]
[WhiteFideId "1525077"]
[BlackFideId "1515772"]
[EventDate "2016.09.30"]

1. d4 Nf6 2. c4 g6 3. Nc3 d5 4. cxd5 Nxd5 5. e4 Nxc3 6. bxc3 Bg7 7. Bg5 c5 8.
Rc1 O-O 9. Nf3 cxd4 10. cxd4 Bg4 11. d5 Nd7 12. h3 Bxf3 13. gxf3 Qa5+ 14. Qd2
Qa3 15. Be2 f5 16. Qe3 Qd6 17. Bf4 Ne5 18. Qc5 Nxf3+ 19. Bxf3 Qxf4 20. Qe3 fxe4
21. Bxe4 Qh4 22. Rc2 Rf4 23. Re2 Raf8 24. Kf1 Rxe4 25. Qxe4 Rxf2+ 26. Kg1 Qg3+ 0-1

[Event "Oslo Open 2016"]
[Site "Fornebu NOR"]
[Date "2016.10.02"]
[Round "3.23"]
[White "Terbe, Zsuzsanna"]
[Black "Hermansen, Tobias Ostmo"]
[Result "1-0"]
[WhiteTitle "WFM"]
[WhiteElo "2160"]
[BlackElo "1602"]
[WhiteFideId "708801"]
[BlackFideId "1538233"]
[EventDate "2016.09.30"]

1. Nf3 d5 2. g3 Nf6 3. Bg2 Bf5 4. O-O e6 5. c4 h6 6. Qb3 Qc8 7. d3 c6 8. Nc3 Bd6
9. cxd5 exd5 10. e4 dxe4 11. dxe4 Be6 12. Qc2 Nbd7 13. Nd4 Ne5 14. Nxe6 Qxe6 15.
Kh1 Ned7 16. f4 Bc5 17. e5 Nd5 18. Nxd5 cxd5 19. f5 Qxe5 20. Bf4 Qf6 21. Rfe1+
Be7 22. Qc7 O-O 23. Qxd7 Bb4 24. Red1 Rfd8 25. Qxb7 Qxb2 26. Rab1 Qe2 27. Qxb4
Rac8 28. Rd2 1-0

[Event "Oslo Open 2016"]
[Site "Fornebu NOR"]
[Date "2016.10.02"]
[Round "3.24"]
[White "Andersen, Guttorm"]
[Black "Tryggestad, Andreas Garberg"]
[Result "1/2-1/2"]
[WhiteElo "1836"]
[BlackElo "2224"]
[WhiteFideId "1505718"]
[BlackFideId "1513338"]
[EventDate "2016.09.30"]

1. d4 Nf6 2. c4 g6 3. Nc3 d5 4. Nf3 Bg7 5. Qb3 dxc4 6. Qxc4 O-O 7. e4 c6 8. Be2
b5 9. Qb3 a5 10. a3 Na6 11. Qc2 Be6 12. O-O Rc8 13. Be3 Qd7 14. Ng5 Ng4 15. Nxe6
Qxe6 16. b4 Nxe3 17. fxe3 axb4 18. axb4 Nxb4 19. Qb1 Nd5 20. Nxd5 cxd5 21. Qb3
Qxe4 22. Bf3 Qc2 23. Qxd5 b4 24. Rab1 Qd2 25. Qb3 e6 26. Rfd1 Qc3 27. Rd3 Qxb3
28. Rdxb3 Rc3 29. Kf2 Rxb3 30. Rxb3 Rb8 31. Ke2 f5 32. Kd3 e5 33. dxe5 Bxe5 34.
g3 Rd8+ 35. Kc4 Bc3 36. Bd5+ Kg7 37. Rb1 Kf6 38. Rd1 Ke5 39. Rd3 Be1 40. Bf3
Rxd3 41. Kxd3 Bf2 42. Bd1 Bg1 43. h3 Bf2 44. g4 f4 45. exf4+ Kxf4 46. Kc4 Be1
47. h4 Ke3 48. h5 Kd2 49. Bf3 g5 50. Kb3 Ke3 51. Bd5 Bc3 52. Bg8 Kf4 53. Be6 h6
54. Bf5 1/2-1/2

[Event "Oslo Open 2016"]
[Site "Fornebu NOR"]
[Date "2016.10.02"]
[Round "3.25"]
[White "Sahl, Sheila Barth"]
[Black "Ali, Karim"]
[Result "1-0"]
[WhiteTitle "WIM"]
[WhiteElo "2181"]
[BlackElo "1825"]
[WhiteFideId "1500953"]
[BlackFideId "1509047"]
[EventDate "2016.09.30"]

1. e4 e6 2. d4 d5 3. Nd2 c5 4. exd5 Qxd5 5. Ngf3 cxd4 6. Bc4 Qd6 7. O-O Nf6 8.
Nb3 Nc6 9. Qe2 a6 10. Rd1 b5 11. Bd3 Be7 12. Nbxd4 O-O 13. Nb3 Qc7 14. c3 Bb7
15. Bg5 h6 16. Bh4 Nh5 17. Qe4 g6 18. Qe3 Qf4 19. Bxe7 Nxe7 20. Be2 Qxe3 21.
fxe3 Nf6 22. Nc5 Bd5 23. Nd2 Rfd8 24. e4 Bc6 25. Kf2 Nd7 26. Ndb3 Nxc5 27. Nxc5
a5 28. Ke3 Kf8 29. g3 b4 30. Rxd8+ Rxd8 31. Rc1 bxc3 32. Rxc3 Rb8 33. Nb3 f5 34.
Nc5 fxe4 35. Rb3 Nf5+ 36. Kf4 Re8 37. Ke5 Bd5 38. Ra3 Kf7 39. Rxa5 Rc8 40. Ra7+
Ne7 41. b4 Rb8 42. a3 Ke8 43. Kf6 Ng8+ 44. Kxg6 e5 45. Kg7 Kd8 46. Rd7+ 1-0

[Event "Oslo Open 2016"]
[Site "Fornebu NOR"]
[Date "2016.10.02"]
[Round "3.26"]
[White "Lund, Terje"]
[Black "Svanholm, Borge Waaktaar"]
[Result "1-0"]
[WhiteElo "2103"]
[BlackElo "1809"]
[WhiteFideId "1504754"]
[BlackFideId "1504835"]
[EventDate "2016.09.30"]

1. d4 Nf6 2. c4 g6 3. Nc3 Bg7 4. g3 O-O 5. Bg2 d6 6. Nf3 Nc6 7. O-O e5 8. dxe5
dxe5 9. Bg5 h6 10. Qxd8 Rxd8 11. Bxf6 Bxf6 12. Nd5 Bg7 13. Nxc7 Rb8 14. Nd5 Be6
15. Nd2 f5 16. e4 Rd7 17. Nb3 b6 18. Rac1 Rc8 19. Rfd1 Kf7 20. a4 Bf8 21. c5
bxc5 22. Nxc5 Bxc5 23. Rxc5 Ne7 24. Rxc8 Nxc8 25. exf5 gxf5 26. a5 e4 27. Nc3
Rxd1+ 28. Nxd1 Kf6 29. f3 exf3 30. Bxf3 Ke5 31. Kf2 Kd4 32. Be2 Nd6 33. Kf3 Nc4
34. b4 Ne5+ 35. Kf2 Nc6 36. Ne3 Nxb4 37. Kf3 Nc6 38. Kf4 Nxa5 39. Nxf5+ Bxf5 40.
Kxf5 Nc6 41. Kg6 a5 42. Bd1 Ke3 43. Kxh6 Kf2 44. g4 Ne5 45. g5 Kg2 46. h4 Kg3
47. h5 Nf7+ 48. Kg6 Kh4 49. Kxf7 Kxg5 50. Kg7 a4 51. h6 a3 52. Bb3 1-0

[Event "Oslo Open 2016"]
[Site "Fornebu NOR"]
[Date "2016.10.03"]
[Round "4.1"]
[White "Arnaudov, G. Petar"]
[Black "Kovalenko, Igor"]
[Result "0-1"]
[WhiteTitle "GM"]
[BlackTitle "GM"]
[WhiteElo "2474"]
[BlackElo "2651"]
[WhiteFideId "2907127"]
[BlackFideId "14117908"]
[EventDate "2016.09.30"]

1. d4 Nf6 2. Nf3 d6 3. c4 g6 4. Nc3 Bg7 5. e4 Bg4 6. Be2 Nfd7 7. Be3 O-O 8. Rc1
e5 9. d5 a5 10. O-O Bxf3 11. Bxf3 f5 12. Be2 Na6 13. exf5 gxf5 14. f4 Kh8 15.
Kh1 Nac5 16. Qd2 a4 17. g3 Qf6 18. Qc2 e4 19. Rfd1 Nb8 20. Bd4 Qh6 21. Nb5 Nba6
22. Qc3 Rae8 23. Re1 Re7 24. Bf1 Kg8 25. Re3 Bf6 26. Rd1 Rg7 27. b4 axb3 28.
axb3 Nd7 29. b4 Qg6 30. Be2 h5 31. Bxf6 Nxf6 32. Nd4 Rd7 33. Ne6 Re8 34. Ra1 Kh7
35. Kg1 Kh6 36. Kh1 Rde7 37. Nd4 Rd8 38. Bd1 Rc8 39. Re1 Rg8 40. Nc2 Qg7 41. Ne3
Kg6 42. c5 Nd7 43. Qxg7+ Rexg7 44. c6 Nb6 45. cxb7 Nxb4 46. Ba4 Rb8 47. Bc6 Rgg8
48. Reb1 Nd3 49. Ra7 h4 50. Rba1 hxg3 51. hxg3 Nc5 52. Ra8 Nxb7 53. R8a7 Nc5 54.
Rxc7 Kf6 55. Raa7 Rbf8 56. Kh2 Nc8 57. Ra8 Rh8+ 58. Kg2 Rfg8 59. Bb5 Ne7 60.
Rxg8 Rxg8 61. g4 fxg4 62. Kg3 Rg7 63. Bd7 Nxd7 64. Rxd7 Nf5+ 65. Nxf5 Rxd7 66.
Kxg4 Rd8 67. Ne3 Rg8+ 68. Kh3 Rg1 0-1

[Event "Oslo Open 2016"]
[Site "Fornebu NOR"]
[Date "2016.10.03"]
[Round "4.2"]
[White "Bracker, Frank"]
[Black "Zubov, Alexander"]
[Result "1/2-1/2"]
[WhiteTitle "IM"]
[BlackTitle "GM"]
[WhiteElo "2427"]
[BlackElo "2606"]
[WhiteFideId "24614343"]
[BlackFideId "14109409"]
[EventDate "2016.09.30"]

1. e4 c5 2. Nf3 Nc6 3. d4 cxd4 4. Nxd4 Qb6 5. Nb3 Nf6 6. Nc3 e6 7. g3 d6 8. Bg2
Be7 9. Qe2 O-O 10. O-O Qc7 11. f4 a6 12. a4 b6 13. Be3 Bb7 14. g4 Rfe8 15. g5
Nd7 16. Rf3 Nb4 17. Rh3 b5 18. Nd4 g6 19. Rf1 Bf8 20. axb5 Bg7 21. Qf2 Qc4 22.
bxa6 Rxa6 23. Rd1 e5 24. Bf1 Qc8 25. Ndb5 d5 26. exd5 exf4 27. Bxf4 Ne5 28. Re3
f6 29. Bxe5 fxe5 30. d6 Rf8 31. d7 Qd8 32. Qg3 Nxc2 33. Nd6 Rxf1+ 34. Kxf1 Rxd6
35. Rxd6 Qf8+ 36. Rf6 Bxf6 37. gxf6 Qxf6+ 38. Ke2 Nxe3 39. Qxe3 Kf7 40. Qd3 e4
41. Nxe4 Qxb2+ 42. Ke3 Qc1+ 43. Qd2 Qxd2+ 44. Kxd2 Ke7 45. Ng5 Kxd7 46. Nxh7 Ke6
47. Nf8+ Kf5 48. Nxg6 Kxg6 1/2-1/2

[Event "Oslo Open 2016"]
[Site "Fornebu NOR"]
[Date "2016.10.03"]
[Round "4.3"]
[White "Krupenski, Juri"]
[Black "Blomqvist, Erik"]
[Result "1/2-1/2"]
[WhiteTitle "FM"]
[BlackTitle "GM"]
[WhiteElo "2423"]
[BlackElo "2545"]
[WhiteFideId "4501101"]
[BlackFideId "1709437"]
[EventDate "2016.09.30"]

1. e4 c5 2. Nf3 e6 3. c3 d5 4. exd5 Qxd5 5. d4 Nf6 6. Na3 Nc6 7. Be3 cxd4 8. Nb5
Qd7 9. Nbxd4 Nd5 10. Bg5 f6 11. Bd2 e5 12. Nxc6 Qxc6 13. Bd3 Be6 14. O-O g6 15.
Qe2 Kf7 16. Rfe1 Bg7 17. c4 Ne7 18. b3 Rhe8 19. Bc3 Kg8 20. Rad1 Rac8 21. Bb2
Bf7 22. Nd2 a5 23. Nb1 Qb6 24. Nc3 Nc6 25. Be4 Nd4 26. Qd2 Bf8 27. Bd5 Ne6 28.
Bxe6 Qxe6 29. Nd5 b5 30. Qxa5 bxc4 31. Nc7 Bb4 32. Qxb4 Rxc7 33. bxc4 Rxc4 34.
Qd2 Qf5 35. Rc1 Rxc1 36. Rxc1 Bxa2 37. Bxe5 Qxe5 38. Qxa2+ Kg7 39. h3 h5 1/2-1/2

[Event "Oslo Open 2016"]
[Site "Fornebu NOR"]
[Date "2016.10.03"]
[Round "4.4"]
[White "Chatalbashev, Boris"]
[Black "Abdumalik, Zhansaya"]
[Result "1-0"]
[WhiteTitle "GM"]
[BlackTitle "WGM"]
[WhiteElo "2542"]
[BlackElo "2389"]
[WhiteFideId "2900440"]
[BlackFideId "13703544"]
[EventDate "2016.09.30"]

1. d4 Nf6 2. Bg5 g6 3. Bxf6 exf6 4. c4 f5 5. Nc3 Bg7 6. g3 O-O 7. Bg2 c6 8. e3
d6 9. Nge2 Nd7 10. O-O a5 11. Qc2 Re8 12. a3 Nb6 13. c5 dxc5 14. dxc5 Nd7 15.
Na4 Qe7 16. Rfd1 Nf6 17. Nb6 Rb8 18. Rac1 Ne4 19. Nf4 Bf8 20. b4 axb4 21. axb4
Bg7 22. Rd3 g5 23. Nh5 Bh8 24. Rcd1 Be6 25. g4 Rbd8 26. Rxd8 Rxd8 27. Rxd8+ Qxd8
28. gxf5 Bxf5 29. Bxe4 Bxe4 30. Qxe4 Qd1+ 31. Kg2 Qxh5 32. Nd7 h6 33. Qe8+ Kh7
34. Qe4+ Kg8 35. h3 Bg7 36. b5 cxb5 37. Qxb7 Qg6 38. Qd5 g4 39. c6 g3 40. fxg3
Qc2+ 41. Kf3 Qb1 42. Kg4 h5+ 43. Kxh5 Qg6+ 44. Kh4 Qh6+ 45. Kg4 Qxe3 46. c7 Qe2+
47. Kh4 Qe7+ 48. Kh5 Qe8 49. Nf6+ Bxf6 50. Qf5 Qe2+ 51. Qg4+ 1-0

[Event "Oslo Open 2016"]
[Site "Fornebu NOR"]
[Date "2016.10.03"]
[Round "4.5"]
[White "Moiseenko, Alexander"]
[Black "Sousa, Ludy Helsio Paulo"]
[Result "1-0"]
[WhiteTitle "GM"]
[WhiteElo "2648"]
[BlackElo "2174"]
[WhiteFideId "14102560"]
[BlackFideId "1504134"]
[EventDate "2016.09.30"]

1. d4 Nf6 2. c4 c5 3. d5 b5 4. cxb5 a6 5. e3 axb5 6. Bxb5 Qa5+ 7. Nc3 Bb7 8. e4
Nxe4 9. Ne2 g6 10. O-O Nxc3 11. Nxc3 Bg7 12. Qe2 O-O 13. Qxe7 Rc8 14. a4 Bf8 15.
Qh4 d6 16. Ne4 h5 17. Nf6+ Kh8 18. Nxh5 Qb4 19. Nf4+ Kg8 20. Ra3 Ba6 21. Rh3 Bg7
22. Qh7+ Kf8 23. Nxg6+ 1-0

[Event "Oslo Open 2016"]
[Site "Fornebu NOR"]
[Date "2016.10.03"]
[Round "4.6"]
[White "Tari, Aryan"]
[Black "Welling, Gerard"]
[Result "1-0"]
[WhiteTitle "GM"]
[BlackTitle "IM"]
[WhiteElo "2570"]
[BlackElo "2319"]
[WhiteFideId "1510045"]
[BlackFideId "1000446"]
[EventDate "2016.09.30"]

1. e4 g6 2. d4 Bg7 3. Nc3 c6 4. Nf3 d5 5. h3 dxe4 6. Nxe4 Bf5 7. Ng3 Be6 8. c3
Nf6 9. Bd3 Bd5 10. O-O O-O 11. Ne5 Nbd7 12. c4 Be6 13. Nf3 Nb6 14. Qc2 Nc8 15.
Re1 Bd7 16. b3 c5 17. dxc5 Ne4 18. Bxe4 Bxa1 19. Bf4 1-0

[Event "Oslo Open 2016"]
[Site "Fornebu NOR"]
[Date "2016.10.03"]
[Round "4.7"]
[White "Haugli, Petter"]
[Black "Elsness, Frode"]
[Result "0-1"]
[WhiteTitle "IM"]
[BlackTitle "IM"]
[WhiteElo "2257"]
[BlackElo "2444"]
[WhiteFideId "1500104"]
[BlackFideId "1501100"]
[EventDate "2016.09.30"]

1. c4 e5 2. Nc3 Nf6 3. g3 c6 4. d4 exd4 5. Qxd4 d5 6. Bg2 Be6 7. cxd5 cxd5 8.
Be3 Nc6 9. Qa4 Bb4 10. Nf3 Ne4 11. Rc1 O-O 12. O-O Nxc3 13. bxc3 Qa5 14. Qxa5
Bxa5 15. Bc5 Rfd8 16. Rfd1 h6 17. Nd4 Nxd4 18. cxd4 Rdc8 19. a3 b6 20. Bb4 Bxb4
21. axb4 Rxc1 22. Rxc1 a5 23. bxa5 bxa5 24. e4 dxe4 25. Bxe4 Ra7 26. d5 Bd7 27.
d6 Kf8 28. Rb1 g6 29. Rb3 a4 30. Ra3 Ra6 31. f3 Rxd6 32. Bc2 Rc6 33. Be4 Rb6 34.
Bc2 Rb4 35. Kf1 Ke7 36. Ke1 Kd6 37. Kd2 Kc5 38. Kc3 Rc4+ 39. Kb2 Kb4 40. Bd3 Rd4 0-1

[Event "Oslo Open 2016"]
[Site "Fornebu NOR"]
[Date "2016.10.03"]
[Round "4.8"]
[White "Lillevold, Frode"]
[Black "Djurhuus, Rune"]
[Result "0-1"]
[BlackTitle "GM"]
[WhiteElo "2103"]
[BlackElo "2413"]
[WhiteFideId "1502913"]
[BlackFideId "1500082"]
[EventDate "2016.09.30"]

1. d4 e6 2. c4 f5 3. g3 Nf6 4. Bg2 c6 5. Nf3 d5 6. O-O Bd6 7. b3 Qe7 8. Bb2 b6
9. Ne5 Bb7 10. Nc3 O-O 11. Rc1 Bxe5 12. dxe5 Ng4 13. cxd5 exd5 14. Nxd5 cxd5 15.
Bxd5+ Kh8 16. Ba3 Qxa3 17. Bxb7 Na6 18. Bxa8 Rxa8 19. h3 Nh6 20. Qd6 Qxd6 21.
exd6 Rd8 22. Rfd1 Kg8 23. Rc4 Nc5 24. f3 Kf7 25. b4 Ne6 26. e4 fxe4 27. fxe4 Kf6
28. Kf2 Nf7 29. Rd5 Rxd6 30. Rf5+ Ke7 31. Ke3 Rd1 32. Rc3 Nd6 33. Rf2 Re1+ 34.
Re2 Rxe2+ 35. Kxe2 Nxe4 36. Ra3 Nd4+ 37. Kf1 Nb5 38. Ra6 Kd7 39. a4 Nc7 40. Rxa7
Kc8 41. a5 b5 42. Ke2 Kb8 43. Rxc7 Kxc7 44. g4 Nc3+ 45. Kd3 Nd5 46. Kd4 Kd6 47.
a6 0-1

[Event "Oslo Open 2016"]
[Site "Fornebu NOR"]
[Date "2016.10.03"]
[Round "4.9"]
[White "Rebers, Eugene"]
[Black "Devereaux, Maxim L"]
[Result "1/2-1/2"]
[WhiteTitle "FM"]
[BlackTitle "IM"]
[WhiteElo "2156"]
[BlackElo "2374"]
[WhiteFideId "1007556"]
[BlackFideId "408280"]
[EventDate "2016.09.30"]

1. Nf3 d5 2. g3 c6 3. Bg2 Bg4 4. b3 Nd7 5. Bb2 Ngf6 6. c4 e6 7. O-O Be7 8. d3
O-O 9. Nbd2 a5 10. a3 b5 11. Qc2 Qb6 12. Rfc1 bxc4 13. bxc4 a4 14. h3 Bxf3 15.
Bxf3 Rfb8 16. Rab1 Qd8 17. d4 Qf8 18. c5 Qc8 19. Bg2 Qc7 20. f4 Nh5 21. Qd3 f5
22. Bc3 Qa7 23. Bf1 Nhf6 24. e3 Ne4 25. Nxe4 fxe4 26. Qc2 g5 27. Rxb8+ Rxb8 28.
Rb1 Rxb1 29. Qxb1 gxf4 30. gxf4 Nxc5 31. Qd1 Bf6 32. Bb4 Qg7+ 33. Qg4 Nd3 34.
Bxd3 exd3 35. Kf2 Qxg4 36. hxg4 Bh4+ 37. Kf3 Kf7 38. e4 dxe4+ 39. Kxe4 d2 40.
Bxd2 Be7 41. Bc1 Bd6 42. Bb2 Ke7 43. f5 Kf7 44. Bc1 Kf6 45. fxe6 Kxe6 46. Bb2
Bf8 47. Bc1 Be7 48. Bb2 Bg5 49. Bc3 Bc1 50. Bb4 Kf6 51. Bc5 Kg5 52. Kf3 Kh4 53.
Bb4 Kh3 54. Bd6 Bg5 55. Bb4 Bd8 56. Bd6 Bb6 57. Bc5 Ba5 58. Bd6 Bc3 59. Bc5 Bb2
60. Kf4 Bc1+ 61. Kf3 Kh2 62. Kf2 Bb2 63. Kf3 Kh3 64. Kf4 Bc1+ 1/2-1/2

[Event "Oslo Open 2016"]
[Site "Fornebu NOR"]
[Date "2016.10.03"]
[Round "4.10"]
[White "Arvola, Benjamin"]
[Black "Kovachev, Daniel Jakobsen"]
[Result "1-0"]
[WhiteTitle "FM"]
[BlackTitle "FM"]
[WhiteElo "2346"]
[BlackElo "2329"]
[WhiteFideId "1506536"]
[BlackFideId "1503448"]
[EventDate "2016.09.30"]

1. e4 e5 2. Nf3 Nc6 3. Nc3 Nf6 4. d4 exd4 5. Nxd4 Bb4 6. Nxc6 bxc6 7. Bd3 O-O 8.
O-O d5 9. exd5 cxd5 10. h3 c6 11. Qf3 Bd6 12. Bf4 Be6 13. Rad1 Bxf4 14. Qxf4 Qb8
15. Qf3 c5 16. b3 c4 17. Be2 cxb3 18. cxb3 Rc8 19. Nb5 Rc2 20. Rc1 Rxc1 21. Rxc1
Qe5 22. Qe3 Qb2 23. Nd4 Bd7 24. Qc3 Qa3 25. b4 Qxa2 26. f3 Be8 27. b5 g6 28. Kf2
Kg7 29. g4 h6 30. h4 Kh7 31. Ra1 Rc8 32. Nc6 d4 33. Qxd4 Qe6 34. Bc4 1-0

[Event "Oslo Open 2016"]
[Site "Fornebu NOR"]
[Date "2016.10.03"]
[Round "4.11"]
[White "Store, Trond"]
[Black "Hobber, Anders"]
[Result "1/2-1/2"]
[BlackTitle "FM"]
[WhiteElo "2049"]
[BlackElo "2331"]
[WhiteFideId "1515772"]
[BlackFideId "1505424"]
[EventDate "2016.09.30"]

1. d4 d5 2. c4 c6 3. Nf3 Nf6 4. Nc3 a6 5. c5 Bf5 6. Qb3 Qc8 7. Bf4 Nbd7 8. h3 h6
9. e3 e6 10. Be2 Be7 11. O-O O-O 12. Rfc1 Re8 13. Qd1 Bd8 14. Ne5 Nxe5 15. Bxe5
Nd7 16. Bd6 e5 17. Bg4 Bxg4 18. Qxg4 Bf6 19. Na4 exd4 20. exd4 Re4 21. Qf3 Rxd4
22. Qb3 Rxa4 23. Qxa4 Bxb2 24. Qb3 Bxa1 25. Rxa1 Nf6 26. Rb1 Ne4 27. Qxb7 Nxd6
28. cxd6 Qxb7 29. Rxb7 Rd8 30. d7 Kf8 31. Rc7 c5 32. Rxc5 Rxd7 33. Rc6 a5 34.
Rc5 d4 35. Kf1 d3 36. Ke1 Re7+ 37. Kd2 Re2+ 38. Kxd3 Rxf2 39. Rxa5 Rxg2 40. h4
g5 41. hxg5 hxg5 42. Ke4 g4 43. Kf4 Kg7 44. Rg5+ Kf6 45. Rxg4 Rxa2 46. Rg8 Ra4+
47. Kf3 Kf5 48. Rb8 Ra3+ 49. Kf2 Kg5 50. Rb5+ f5 51. Rb4 Ra2+ 52. Kf3 Ra3+ 53.
Kf2 Rc3 54. Ra4 Rb3 55. Rc4 Rb5 56. Ra4 Kf6 57. Kf3 Ke5 58. Rc4 Rb3+ 59. Kf2 f4
60. Rc8 Ke4 1/2-1/2

[Event "Oslo Open 2016"]
[Site "Fornebu NOR"]
[Date "2016.10.03"]
[Round "4.12"]
[White "Hansen, Torbjorn Ringdal"]
[Black "Tolhuizen, Ludo"]
[Result "1/2-1/2"]
[WhiteTitle "GM"]
[WhiteElo "2457"]
[BlackElo "2148"]
[WhiteFideId "1501720"]
[BlackFideId "1000802"]
[EventDate "2016.09.30"]

1. e4 e6 2. d4 d5 3. Nd2 c5 4. exd5 Qxd5 5. Ngf3 cxd4 6. Bc4 Qd7 7. O-O Nc6 8.
Nb3 Nf6 9. Nbxd4 Nxd4 10. Nxd4 a6 11. Re1 Bc5 12. c3 b5 13. Bb3 Bb7 14. Bg5 O-O
15. Bxf6 gxf6 16. Rxe6 Bxd4 17. Re3 Rad8 18. cxd4 Qxd4 19. Qh5 Be4 20. Rd1 Bg6
21. Rxd4 Bxh5 22. Red3 Rxd4 23. Rxd4 Re8 24. g4 Re1+ 25. Kg2 Bg6 26. h4 h5 27.
gxh5 Bxh5 28. Rd8+ Kg7 29. Ra8 Re2 30. Rxa6 Rxb2 31. Rb6 Be2 32. Rb7 Rd2 33.
Rxf7+ Kg6 34. Rc7 Bc4 35. Re7 Bxb3 36. axb3 Rb2 37. Re3 Kh5 38. Kg3 Rb1 39. Rd3
Kg6 40. Kf3 Rh1 41. Kg4 Rg1+ 42. Rg3 Rf1 43. Kf3+ Kh5 44. Ke2 Rb1 45. Rd3 Rb2+
46. Kf3 Kxh4 47. Rd4+ Kg5 48. Rd5+ f5 49. Rxb5 Rb1 50. Rb8 Rb2 51. Kg3 Rb1 52.
Kf3 Rb2 53. Ke3 Rb1 54. Rb6 Re1+ 55. Kf3 Rb1 56. Rb7 Rb2 57. Ke3 Rb1 58. b4 Rb3+
59. Ke2 Kf4 60. b5 Rb2+ 61. Kd3 Rxf2 62. Kc4 Rb2 63. Rf7 Ke4 64. Re7+ Kf3 65.
Kc5 f4 66. b6 Kg2 67. Rg7+ Kf2 68. b7 f3 69. Rd7 Ke2 70. Re7+ Kf1 71. Kc6 f2 72.
Kc7 1/2-1/2